000
00248 a2200109 4500
001
57424
082
_a
363.44 KAS
090
_c
35154
_d
35154
100
_a
Shorash Kashmiri
245
_a
Os Bazar Main
260
_a
Lahore
_b
Al Faisal Nashran
_c
1994
942
_a
NUST-CAE
_k
363.44 KAS
999
_c
292497
_d
292497